00536nam a2200181Ia 4500008004100000020001800041040001900059041001200078082002500090100003300115245007300148260002800221300001800249440002900267650001900296700002100315850001800336131103s9999 xx 000 0 und d a0 435 12113 8 aLoreto College aEnglish a843/SAIbLCLIB/24066 aSaint - Exupery, Antoine de  aNight flightcAntoine de Saint - Exupery ; Translated by Curtis Cate aLondonbHeinemannc1975 a95p. c 18cm. aThe new windmill :No.113 aFrench fiction aCate, Curtis tr. aLCLIB/843/SAI